[Event "Titled Tuesday intern op 18th Jul Late"]
[Site "Chess.com INT"]
[Date "2023.07.18"]
[Round "2"]
[White "Cordova, Emilio"]
[Black "Yordanov, Nikolay Plamenov"]
[Result "1-0"]
[WhiteElo "2542"]
[BlackElo "2222"]
[PlyCount "89"]
[EventDate "2023.07.18"]
[EventType "swiss (blitz)"]
[EventRounds "11"]
[EventCountry "USA"]
[SourceTitle "EXT 2024"]
[Source "ChessBase"]
[SourceDate "2023.10.10"]
[SourceVersion "1"]
[SourceVersionDate "2023.10.10"]
[SourceQuality "1"]

1. e4 c5 2. b4 cxb4 3. a3 Nc6 4. axb4 Nxb4 5. c3 Nc6 6. d4 d5 7. exd5 Qxd5 8. Nf3 Bg4 9. Be2 e6 10. 0-0 Nf6 11. h3 Bh5 12. c4 Qd8 13. Bb2 Be7 14. Nc3 0-0 15. d5 exd5 16. Nxd5 Nb4 17. Bxf6 Nxd5 18. Bxg7 Kxg7 19. cxd5 Bf6 20. Ra4 Kh8 21. Qb3 b6 22. Bb5 Qd6 23. Bc6 Rad8 24. Rxa7 Rg8 25. Nd2 Be5 26. Ne4 Qg6 27. Ng3 Rg7 28. Re1 Bd4 29. Rae7 Rdg8 30. R7e3 Qd6 31. Kh1 Bg6 32. Rf3 Bc5 33. Qc3 Bb4 34. Qc1 Bxe1 35. Qxe1 Qd8 36. Qc3 Qd6 37. Rf6 Qe7 38. Kh2 Bb1 39. Rf3 Bg6 40. Qd4 h5 41. Qxb6 Kh7 42. Qd4 h4 43. Ne2 Qxe2 44. Qxh4+ Bh5 45. Qxh5# 1-0

[Event "Titled Tuesday intern op 05th Apr Early"]
[Site "Chess.com INT"]
[Date "2022.04.05"]
[Round "5"]
[White "Arabidze, Meri"]
[Black "Yordanov, Nikolay Plamenov"]
[Result "1-0"]
[WhiteElo "2430"]
[BlackElo "2222"]
[PlyCount "81"]
[EventDate "2022.04.05"]
[EventType "swiss (blitz)"]
[EventRounds "11"]
[EventCountry "USA"]
[SourceTitle "CBM 207 Extra"]
[Source "ChessBase"]
[SourceDate "2022.05.31"]
[SourceVersion "1"]
[SourceVersionDate "2022.05.31"]
[SourceQuality "1"]

1. Nf3 Nf6 2. b3 g6 3. Bb2 Bg7 4. g3 0-0 5. Bg2 d5 6. 0-0 c6 7. c4 Bg4 8. d3 Nbd7 9. Nbd2 Re8 10. h3 Bxf3 11. Nxf3 e5 12. b4 d4 13. Nd2 Qe7 14. a3 h5 15. c5 a6 16. Nc4 Rab8 17. e3 dxe3 18. fxe3 Nd5 19. Qe2 Rf8 20. e4 Nc7 21. Rf2 Ne6 22. Raf1 f6 23. h4 Nd4 24. Bxd4 exd4 25. Bh3 Ne5 26. Nd6 Rbd8 27. g4 hxg4 28. Bxg4 Nf7 29. h5 Nxd6 30. cxd6 Qxd6 31. hxg6 Qg3+ 32. Rg2 Qe3+ 33. Qxe3 dxe3 34. Be6+ Kh8 35. Rh2+ Bh6 36. Rxh6+ Kg7 37. Rh7+ Kxg6 38. Bf5+ Kg5 39. Rg7+ Kh6 40. Rg6+ Kh5 41. Kg2 1-0

[Event "Titled Tuesday intern op 05th Apr Early"]
[Site "Chess.com INT"]
[Date "2022.04.05"]
[Round "7"]
[White "Yordanov, Nikolay Plamenov"]
[Black "Vlassov, Nikolai"]
[Result "0-1"]
[WhiteElo "2222"]
[BlackElo "2294"]
[PlyCount "102"]
[EventDate "2022.04.05"]
[EventType "swiss (blitz)"]
[EventRounds "11"]
[EventCountry "USA"]
[SourceTitle "CBM 207 Extra"]
[Source "ChessBase"]
[SourceDate "2022.05.31"]
[SourceVersion "1"]
[SourceVersionDate "2022.05.31"]
[SourceQuality "1"]

1. d4 Nf6 2. Bf4 g6 3. e3 Bg7 4. h3 0-0 5. Nf3 d6 6. Be2 c5 7. 0-0 Qb6 8. Nbd2 cxd4 9. exd4 Qxb2 10. Nc4 Qb4 11. c3 Qb5 12. Nxd6 Qa5 13. Nxc8 Rxc8 14. c4 Nc6 15. Rb1 b6 16. Ne5 Nxe5 17. dxe5 Ne4 18. Bf3 Nc3 19. Qd7 Nxb1 20. Bxa8 Rxa8 21. Rxb1 Qxa2 22. Rd1 Bf8 23. Qd5 Rc8 24. e6 f6 25. Rd4 Qb1+ 26. Kh2 Qf5 27. Qd7 Qc5 28. Be3 Qc6 29. Qxc6 Rxc6 30. Rd8 g5 31. h4 h6 32. hxg5 hxg5 33. f4 Rxe6 34. Bd2 gxf4 35. Bxf4 Kf7 36. Ra8 Re4 37. g3 a5 38. Kg2 Rxc4 39. Rb8 Rb4 40. Kf3 a4 41. Rb7 b5 42. Kg4 a3 43. Kh5 a2 44. Bd6 Ra4 45. Rxb5 a1Q 46. Bf4 Qh1+ 47. Kg4 Qd1+ 48. Kh4 Ra2 49. g4 Rg2 50. Rg5 fxg5+ 51. Kxg5 Qxg4# 0-1

[Event "Titled Tuesday intern op 22 Mar Late"]
[Site "Chess.com INT"]
[Date "2022.03.22"]
[Round "1"]
[White "Bashirli, Nail Qoshqar"]
[Black "Yordanov, Nikolay Plamenov"]
[Result "1-0"]
[WhiteElo "2365"]
[BlackElo "2222"]
[PlyCount "163"]
[EventDate "2022.03.22"]
[EventType "swiss (blitz)"]
[EventRounds "11"]
[EventCountry "USA"]
[SourceTitle "CBM 207 Extra"]
[Source "ChessBase"]
[SourceDate "2022.05.31"]
[SourceVersion "1"]
[SourceVersionDate "2022.05.31"]
[SourceQuality "1"]

1. e4 c5 2. Nf3 Nc6 3. d4 cxd4 4. Nxd4 Nf6 5. Nc3 e5 6. Ndb5 d6 7. Bg5 a6 8. Na3 b5 9. Nd5 Be7 10. Bxf6 Bxf6 11. c3 Bg5 12. Nc2 Ne7 13. Nxe7 Qxe7 14. Be2 0-0 15. 0-0 Kh8 16. Nb4 a5 17. Nd5 Qb7 18. Qd3 Rb8 19. Rfd1 Be6 20. Qg3 Bd8 21. Bf3 Rc8 22. a3 Rc5 23. b4 axb4 24. cxb4 Rc8 25. Bg4 Bb6 26. Nxb6 Qxb6 27. h3 f5 28. exf5 Bxf5 29. Rd2 Bxg4 30. Qxg4 Rc4 31. Qe6 Rd4 32. Rad1 h6 33. Rxd4 exd4 34. Qe7 Rf6 35. Qe8+ Kh7 36. Qe4+ Kh8 37. Rxd4 Qa7 38. Qe8+ Kh7 39. Qe3 Qf7 40. Rg4 d5 41. Qd3+ Kh8 42. Qd4 Rc6 43. Kh2 Qc7+ 44. Rg3 Rd6 45. f4 Rd7 46. Re3 Rf7 47. Re8+ Kh7 48. Re5 Rd7 49. Qd3+ g6 50. h4 Rf7 51. h5 Qd6 52. hxg6+ Qxg6 53. Qxg6+ Kxg6 54. Rxd5 Ra7 55. Rxb5 Rxa3 56. Rd5 Rb3 57. b5 Kf6 58. g3 Kg6 59. Re5 Kf6 60. Kh3 Kg6 61. Kg4 Rb4 62. Rc5 Rb3 63. Rc6+ Kg7 64. b6 Rb5 65. Kf3 Kf7 66. Ke4 h5 67. Kd4 Ke7 68. Kc4 Rb1 69. Rh6 Rc1+ 70. Kb5 Rb1+ 71. Kc6 Rc1+ 72. Kb7 Rc3 73. Rg6 Kd7 74. Rg7+ Kd6 75. Kb8 Rb3 76. b7 Kc6 77. Kc8 Re3 78. Rc7+ Kd6 79. b8Q Re8+ 80. Kb7 Rxb8+ 81. Kxb8 Kd5 82. Re7 1-0

[Event "Titled Tuesday intern op 22 Mar Late"]
[Site "Chess.com INT"]
[Date "2022.03.22"]
[Round "4"]
[White "Yordanov, Nikolay Plamenov"]
[Black "Melkumyan, Hrant"]
[Result "0-1"]
[WhiteElo "2222"]
[BlackElo "2649"]
[PlyCount "58"]
[EventDate "2022.03.22"]
[EventType "swiss (blitz)"]
[EventRounds "11"]
[EventCountry "USA"]
[SourceTitle "CBM 207 Extra"]
[Source "ChessBase"]
[SourceDate "2022.05.31"]
[SourceVersion "1"]
[SourceVersionDate "2022.05.31"]
[SourceQuality "1"]

1. d4 Nf6 2. Bf4 g6 3. e3 Bg7 4. h3 0-0 5. Nf3 d6 6. Be2 Nc6 7. 0-0 Nd7 8. d5 Nce5 9. Nxe5 Nxe5 10. Qd2 c6 11. c4 Bf5 12. Nc3 Qa5 13. e4 Bd7 14. Bh6 Bxh6 15. Qxh6 Qb4 16. Rfc1 Qxb2 17. Rab1 Qa3 18. Rxb7 Rfb8 19. dxc6 Bxc6 20. Rxe7 Rb2 21. Bf1 Qc5 22. Qf4 Rab8 23. Nd5 Bxd5 24. cxd5 Rxf2 25. Qxf2 Qxc1 26. Rxa7 Rb2 27. Ra8+ Kg7 28. Qh4 Qe3+ 29. Kh1 Rb1 0-1

[Event "Titled Tuesday intern op 22nd Feb Late"]
[Site "Chess.com INT"]
[Date "2022.02.22"]
[Round "11"]
[White "Yordanov, Nikolay Plamenov"]
[Black "Kim, Sergey2222"]
[Result "0-1"]
[WhiteElo "2222"]
[BlackElo "2295"]
[PlyCount "132"]
[EventDate "2022.02.22"]
[EventType "swiss (blitz)"]
[EventRounds "11"]
[EventCountry "USA"]
[SourceTitle "CBM 207 Extra"]
[Source "ChessBase"]
[SourceDate "2022.05.31"]
[SourceVersion "1"]
[SourceVersionDate "2022.05.31"]
[SourceQuality "1"]

1. d4 Nf6 2. Bf4 g6 3. e3 d6 4. h3 Bg7 5. Nf3 0-0 6. Be2 Nbd7 7. 0-0 b6 8. c4 Bb7 9. Nc3 Ne4 10. Nxe4 Bxe4 11. Nd2 Bb7 12. Bf3 Qc8 13. Bxb7 Qxb7 14. Nf3 Rfd8 15. Qc2 e5 16. dxe5 dxe5 17. Bg3 f6 18. Rfd1 Nc5 19. Rxd8+ Rxd8 20. Rd1 Rd6 21. Rxd6 cxd6 22. Nd2 Qc6 23. b4 Ne6 24. Qb3 Kf7 25. f3 f5 26. Bf2 Bh6 27. Nb1 Ke7 28. Nc3 Nc7 29. e4 Bd2 30. Nd5+ Nxd5 31. exd5 Qc7 32. a3 Bg5 33. c5 bxc5 34. bxc5 dxc5 35. Qb5 Kd6 36. Qa6+ Qb6 37. Qc8 Kxd5 38. Qd7+ Kc4 39. Qd1 Qb3 40. Qe2+ Qd3 41. Qa2+ Kb5 42. a4+ Kc6 43. Qe6+ Qd6 44. Qe8+ Kd5 45. Qf7+ Qe6 46. Qb7+ Qc6 47. Qb3+ c4 48. Qd1+ Ke6 49. Qc2 Bf4 50. a5 Qd5 51. g3 Bd2 52. Kg2 Bxa5 53. Qa4 Ke7 54. Qa3+ Kd7 55. Qa4+ Kc7 56. Qe8 Kb7 57. Qe7+ Bc7 58. Qb4+ Bb6 59. Qe7+ Ka6 60. Qa3+ Kb7 61. Qe7+ Bc7 62. Qb4+ Kc8 63. Qf8+ Bd8 64. Qb4 e4 65. fxe4 Qxe4+ 66. Kh2 Qc6 0-1

[Event "Titled Tuesday intern op 16th Nov"]
[Site "Chess.com INT"]
[Date "2021.11.16"]
[Round "5"]
[White "Yordanov, Nikolay Plamenov"]
[Black "Barbosa, Evandro Amorim"]
[Result "0-1"]
[WhiteElo "2222"]
[BlackElo "2509"]
[PlyCount "106"]
[EventDate "2021.11.16"]
[EventType "swiss (blitz)"]
[EventRounds "11"]
[EventCountry "USA"]
[SourceTitle "CBM 205 Extra"]
[Source "ChessBase"]
[SourceDate "2022.01.31"]
[SourceVersion "1"]
[SourceVersionDate "2022.01.31"]
[SourceQuality "1"]

1. d4 Nf6 2. Bf4 g6 3. e3 Bg7 4. h3 d6 5. Nf3 0-0 6. Be2 b6 7. 0-0 Bb7 8. c4 Nbd7 9. Nc3 Ne4 10. Nxe4 Bxe4 11. Nd2 Bb7 12. Bf3 Qc8 13. Rc1 e5 14. Bxb7 Qxb7 15. dxe5 dxe5 16. Bg3 Rad8 17. Qc2 Nc5 18. b4 Nd3 19. Rb1 f5 20. Rb3 e4 21. c5 Qd5 22. Bxc7 Rc8 23. Bg3 bxc5 24. bxc5 Rxc5 25. Qb1 g5 26. Rb8 f4 27. Rxf8+ Bxf8 28. exf4 gxf4 29. Bh4 Rb5 30. Nb3 Qh5 31. g3 Qe2 32. Qd1 Qxd1 33. Rxd1 Ne5 34. Bf6 fxg3 35. fxg3 Nf3+ 36. Kh1 Rf5 37. Bd4 Ng5 38. h4 Nf3 39. Bc3 Rf7 40. Nd4 Rd7 41. Rf1 Nxd4 42. Bxd4 Rxd4 43. Rb1 Ra4 44. Rb2 e3 45. Re2 Bc5 46. Kg2 Rc4 47. Kf3 a5 48. Rb2 h5 49. Rb7 Rc2 50. Rb8+ Kf7 51. Rb7+ Ke6 52. Rb5 Kd5 53. a4 Rf2# 0-1

[Event "Titled Tuesday intern op 19th Oct"]
[Site "Chess.com INT"]
[Date "2021.10.19"]
[Round "4"]
[White "Hartikainen, Jarmo"]
[Black "Yordanov, Nikolay Plamenov"]
[Result "1-0"]
[WhiteElo "2133"]
[BlackElo "2222"]
[PlyCount "91"]
[EventDate "2021.10.19"]
[EventType "swiss (blitz)"]
[EventRounds "11"]
[EventCountry "USA"]
[SourceTitle "CBM 204 Extra"]
[Source "ChessBase"]
[SourceDate "2021.11.30"]
[SourceVersion "1"]
[SourceVersionDate "2021.11.30"]
[SourceQuality "1"]

1. e4 c5 2. Nf3 Nc6 3. d4 cxd4 4. Nxd4 Nf6 5. Nc3 e5 6. Ndb5 d6 7. Bg5 a6 8. Bxf6 gxf6 9. Na3 b5 10. Nd5 f5 11. Bd3 Be6 12. Qh5 Bg7 13. 0-0-0 Bxd5 14. exd5 Ne7 15. Bxf5 Nxf5 16. Qxf5 Qc7 17. Qg4 0-0 18. h4 Rac8 19. c3 f5 20. Qg5 b4 21. Nb1 Kh8 22. h5 bxc3 23. Nxc3 e4 24. Rh3 Qa5 25. Qd2 Qxa2 26. h6 Bxc3 27. Rxc3 Qa1+ 28. Kc2 Qa4+ 29. Kb1 Rc4 30. Rxc4 Qxc4 31. Rc1 Qd3+ 32. Qxd3 exd3 33. Rc6 Kg8 34. Rxd6 Rc8 35. Rc6 Re8 36. Kc1 Re2 37. d6 Kf7 38. Rc7+ Ke8 39. Rxh7 Rc2+ 40. Kd1 Rxb2 41. Rh8+ Kd7 42. h7 Rb1+ 43. Kd2 Rh1 44. Ra8 Rxh7 45. Ra7+ Kxd6 46. Rxh7 1-0

[Event "Titled Tuesday intern op 12th Oct"]
[Site "Chess.com INT"]
[Date "2021.10.12"]
[Round "2"]
[White "Cagara, Paulina"]
[Black "Yordanov, Nikolay Plamenov"]
[Result "1/2-1/2"]
[WhiteElo "2045"]
[BlackElo "2222"]
[PlyCount "142"]
[EventDate "2021.10.12"]
[EventType "swiss (blitz)"]
[EventRounds "11"]
[EventCountry "USA"]
[SourceTitle "EXT 2023"]
[Source "ChessBase"]
[SourceDate "2022.10.05"]
[SourceVersion "1"]
[SourceVersionDate "2022.10.05"]
[SourceQuality "1"]

1. e4 c5 2. Nc3 Nc6 3. Bb5 e6 4. Bxc6 bxc6 5. d3 Ne7 6. f4 d5 7. Nf3 Ng6 8. 0-0 Be7 9. Qe1 0-0 10. Nd1 c4 11. d4 c5 12. exd5 cxd4 13. Nxd4 Qxd5 14. Nf3 Bc5+ 15. Kh1 Bb7 16. Ne3 Qe4 17. Ng4 Qxc2 18. Be3 Bxe3 19. Qxe3 Qxb2 20. Rab1 Qxa2 21. Rxb7 Rfb8 22. Rxb8+ Rxb8 23. h3 h5 24. Nge5 Rb3 25. Qd4 Rb8 26. Nxg6 fxg6 27. Ng5 Qe2 28. Rf2 Qe1+ 29. Kh2 c3 30. Qd6 Re8 31. Qd7 Rf8 32. Qxe6+ Qxe6 33. Nxe6 Rc8 34. Rc2 a5 35. Nd4 a4 36. Nb5 Rc4 37. Rxc3 Rxf4 38. Ra3 g5 39. Kg3 h4+ 40. Kh2 g4 41. hxg4 Rxg4 42. Kh3 Rb4 43. Nc3 Rb3 44. Rxb3 axb3 45. Kxh4 Kf7 46. Kg5 Ke6 47. Kg6 Ke5 48. g4 Kf4 49. g5 Kg4 50. Ne4 b2 51. Nc3 Kf4 52. Kh5 Kf5 53. g6 Kf6 54. Nb1 Kf5 55. Nd2 Kf6 56. Ne4+ Ke5 57. Nc3 Kd4 58. Nb1 Kd3 59. Kg5 Kc2 60. Na3+ Kb3 61. Nb1 Kc2 62. Na3+ Kb3 63. Nb1 Ka2 64. Nd2 Ka3 65. Kf5 Kb4 66. Ke6 Kc3 67. Nb1+ Kc2 68. Na3+ Kb3 69. Nb1 Kc2 70. Na3+ Kb3 71. Nb1 Kc2 1/2-1/2

[Event "Titled Tuesday intern op 12th Oct"]
[Site "Chess.com INT"]
[Date "2021.10.12"]
[Round "5"]
[White "Hnydiuk, Aleksander"]
[Black "Yordanov, Nikolay Plamenov"]
[Result "1-0"]
[WhiteElo "2406"]
[BlackElo "2222"]
[PlyCount "77"]
[EventDate "2021.10.12"]
[EventType "swiss (blitz)"]
[EventRounds "11"]
[EventCountry "USA"]
[SourceTitle "EXT 2023"]
[Source "ChessBase"]
[SourceDate "2022.10.05"]
[SourceVersion "1"]
[SourceVersionDate "2022.10.05"]
[SourceQuality "1"]

1. Nf3 Nf6 2. c4 g6 3. Nc3 Bg7 4. e4 d6 5. d4 0-0 6. Be2 e5 7. 0-0 Nc6 8. d5 Ne7 9. b4 Nh5 10. Re1 Nf4 11. Bxf4 exf4 12. Rc1 h6 13. Bf1 g5 14. c5 Ng6 15. Qc2 g4 16. Nd2 g3 17. Nf3 gxh2+ 18. Kh1 Ne5 19. Nxe5 Bxe5 20. Nb5 a6 21. Na3 Qh4 22. Nc4 Bd4 23. cxd6 cxd6 24. Nxd6 Bxf2 25. Re2 Be3 26. e5 Bg4 27. Rce1 Bxe2 28. Rxe2 Rad8 29. Qe4 Qg5 30. Rc2 Bb6 31. Bd3 Qg7 32. Qxf4 Rxd6 33. exd6 Qa1+ 34. Rc1 Qxa2 35. Qg4+ Kh8 36. Qf5 Kg7 37. Qh7+ Kf6 38. Qxh6+ Ke5 39. Qxf8 1-0

[Event "Speed Chess GP3"]
[Site "Chess.com INT"]
[Date "2021.10.02"]
[Round "3"]
[White "Saydaliev, Saidakbar"]
[Black "Yordanov, Nikolay Plamenov"]
[Result "1-0"]
[WhiteElo "2366"]
[BlackElo "2222"]
[PlyCount "75"]
[EventDate "2021.10.02"]
[EventType "swiss (blitz)"]
[EventRounds "10"]
[EventCountry "USA"]
[SourceTitle "CBM 204 Extra"]
[Source "ChessBase"]
[SourceDate "2021.11.30"]
[SourceVersion "1"]
[SourceVersionDate "2021.11.30"]
[SourceQuality "1"]

1. d4 Nf6 2. c4 g6 3. f3 Bg7 4. e4 d6 5. Nc3 0-0 6. Be3 Nc6 7. Nge2 a6 8. Qd2 Rb8 9. Rc1 Bd7 10. d5 Ne5 11. Nd4 c5 12. dxc6 bxc6 13. b3 c5 14. Nc2 Nc6 15. Be2 Ne8 16. 0-0 Nc7 17. f4 Ne6 18. e5 dxe5 19. f5 Ned4 20. fxg6 hxg6 21. Bh6 Nxc2 22. Bxg7 Kxg7 23. Qxc2 Nd4 24. Qd2 Bc6 25. Qe3 Qd6 26. Bd3 Rh8 27. Bb1 e4 28. h3 Rh4 29. Bxe4 Bxe4 30. Nxe4 Qe6 31. Rce1 Nc2 32. Qc3+ Nd4 33. Ng5 Qc6 34. Rxf7+ Kh8 35. Rexe7 Rc8 36. Qg3 Rh5 37. Qe5+ Kg8 38. Qg7# 1-0

[Event "Titled Tuesday intern op 28th Sept"]
[Site "Chess.com INT"]
[Date "2021.09.28"]
[Round "1"]
[White "Gelman, Alexander"]
[Black "Yordanov, Nikolay Plamenov"]
[Result "1-0"]
[WhiteElo "2403"]
[BlackElo "2222"]
[PlyCount "73"]
[EventDate "2021.09.28"]
[EventType "swiss (blitz)"]
[EventRounds "11"]
[EventCountry "USA"]
[SourceTitle "CBM 204 Extra"]
[Source "ChessBase"]
[SourceDate "2021.11.30"]
[SourceVersion "1"]
[SourceVersionDate "2021.11.30"]
[SourceQuality "1"]

1. d4 Nf6 2. Nc3 d5 3. Bf4 g6 4. e3 Bg7 5. h4 h5 6. Nf3 0-0 7. Qd2 b6 8. Ne5 Bb7 9. 0-0-0 c5 10. f3 cxd4 11. exd4 Nc6 12. g4 Rc8 13. Bh6 a6 14. gxh5 Nxh5 15. Rg1 Nxe5 16. dxe5 e6 17. Bd3 Qxh4 18. Bxg7 Kxg7 19. Rg4 Qe7 20. Rdg1 d4 21. Bxg6 fxg6 22. Rxg6+ Kf7 23. Qh6 dxc3 24. Qxh5 cxb2+ 25. Kb1 Ke8 26. Rxe6+ Rf7 27. Rxe7+ Kxe7 28. Qg5+ Kd7 29. e6+ Kxe6 30. Qg6+ Rf6 31. Re1+ Kd7 32. Qxf6 Kc7 33. Qe5+ Kc6 34. Rd1 b5 35. Rd6+ Kc7 36. Re6+ Kd7 37. Qd6# 1-0

[Event "Titled Tuesday intern op 28th Sept"]
[Site "Chess.com INT"]
[Date "2021.09.28"]
[Round "2"]
[White "Krivonosov, Oleg"]
[Black "Yordanov, Nikolay Plamenov"]
[Result "1-0"]
[WhiteElo "2362"]
[BlackElo "2222"]
[PlyCount "97"]
[EventDate "2021.09.28"]
[EventType "swiss (blitz)"]
[EventRounds "11"]
[EventCountry "USA"]
[SourceTitle "CBM 204 Extra"]
[Source "ChessBase"]
[SourceDate "2021.11.30"]
[SourceVersion "1"]
[SourceVersionDate "2021.11.30"]
[SourceQuality "1"]

1. Nf3 Nf6 2. c4 g6 3. Nc3 Bg7 4. e4 d6 5. d4 0-0 6. Be2 e5 7. dxe5 dxe5 8. Qxd8 Rxd8 9. Bg5 Re8 10. Nd5 Nxd5 11. cxd5 c6 12. Bc4 cxd5 13. Bxd5 Nd7 14. Nd2 Nb6 15. Bb3 Be6 16. Ke2 Bxb3 17. axb3 a6 18. Rhc1 Rac8 19. Be3 Nd7 20. Nc4 Rc6 21. Na5 Rxc1 22. Rxc1 b6 23. Nb7 Bf8 24. Rc7 Nc5 25. Nxc5 bxc5 26. Bxc5 Rb8 27. Bxf8 Kxf8 28. Rc3 Rb7 29. Kd3 f6 30. Kc2 Ke7 31. Rc6 Ra7 32. f3 h5 33. h4 a5 34. Kb1 Rb7 35. Ka2 Rd7 36. Rc2 g5 37. hxg5 fxg5 38. Ka3 Rd4 39. Rc5 Ke6 40. Rxa5 Rd2 41. Ra6+ Kf7 42. b4 Rxg2 43. b5 Rf2 44. b6 Rxf3+ 45. Ka4 Rf2 46. b4 Rf6 47. Kb5 g4 48. b7 Rxa6 49. Kxa6 1-0

[Event "Titled Tuesday intern op 28th Sept"]
[Site "Chess.com INT"]
[Date "2021.09.28"]
[Round "4"]
[White "Paltrinieri, Nicholas"]
[Black "Yordanov, Nikolay Plamenov"]
[Result "1-0"]
[WhiteElo "2360"]
[BlackElo "2222"]
[PlyCount "145"]
[EventDate "2021.09.28"]
[EventType "swiss (blitz)"]
[EventRounds "11"]
[EventCountry "USA"]
[SourceTitle "CBM 204 Extra"]
[Source "ChessBase"]
[SourceDate "2021.11.30"]
[SourceVersion "1"]
[SourceVersionDate "2021.11.30"]
[SourceQuality "1"]

1. d4 Nf6 2. Bg5 d6 3. Nd2 d5 4. e3 Nbd7 5. Bd3 g6 6. h4 h5 7. Nh3 Bg7 8. Nf3 b6 9. Nf4 Bb7 10. Nxg6 fxg6 11. Bxg6+ Kf8 12. Ne5 Nxe5 13. dxe5 Bc8 14. exf6 exf6 15. Bf4 Bg4 16. Qd3 c6 17. f3 Be6 18. 0-0-0 Bf7 19. g4 Qe8 20. Bxf7 Qxf7 21. Qf5 Re8 22. Kb1 Qe6 23. Qg6 Qf7 24. Qd3 hxg4 25. fxg4 Re4 26. g5 fxg5 27. Bxg5 Kg8 28. c3 b5 29. Rdf1 Qe6 30. a3 a5 31. h5 b4 32. cxb4 axb4 33. a4 Qe5 34. Qc2 Qxg5 35. Qxc6 Rh6 36. Qc8+ Kh7 37. Qc2 b3 38. Qxb3 Rxe3 39. Qc2+ Re4 40. Rhg1 Qe5 41. Rf2 Rb6 42. Rgg2 Kh8 43. Qc8+ Kh7 44. Qc2 d4 45. a5 Re6 46. Re2 Qf5 47. Rgf2 Qg4 48. Rg2 Qf3 49. Rgf2 Qh1+ 50. Ka2 Kh6 51. Qd2+ Kh7 52. Qd3 Kh8 53. Rc2 R4e5 54. Rc8+ Re8 55. Rxe8+ Rxe8 56. a6 Qd5+ 57. Kb1 Qe4 58. Qxe4 Rxe4 59. h6 Bxh6 60. Rf6 Bg7 61. Rd6 Re7 62. Rb6 Ra7 63. Kc2 Kg8 64. Kd3 Kf8 65. b4 Ke7 66. b5 Kd7 67. Rg6 Kd8 68. Rg5 Bf6 69. Rg6 Bg7 70. Kc4 Kc8 71. Rc6+ Rc7 72. a7 Rxc6+ 73. bxc6 1-0

[Event "Titled Tuesday intern op 21st Sept"]
[Site "Chess.com INT"]
[Date "2021.09.21"]
[Round "5"]
[White "Yordanov, Nikolay Plamenov"]
[Black "Manukyan, Sargis A"]
[Result "0-1"]
[WhiteElo "2222"]
[BlackElo "2150"]
[PlyCount "78"]
[EventDate "2021.09.21"]
[EventType "swiss (blitz)"]
[EventRounds "9"]
[EventCountry "USA"]
[SourceTitle "EXT 2022"]
[Source "ChessBase"]
[SourceDate "2021.10.06"]
[SourceVersion "1"]
[SourceVersionDate "2021.10.06"]
[SourceQuality "1"]

1. d4 d5 2. Bf4 e6 3. e3 Nf6 4. Nf3 Be7 5. Bd3 0-0 6. c3 c5 7. Nbd2 c4 8. Bc2 b5 9. Ne5 Bb7 10. Qf3 Nbd7 11. Qh3 g6 12. Bh6 Re8 13. f4 Ne4 14. Bxe4 dxe4 15. 0-0 f5 16. g4 Nxe5 17. fxe5 Bg5 18. Kh1 fxg4 19. Bxg5 Qxg5 20. Qg3 Rf8 21. Rg1 h5 22. h3 Rf3 23. Nxf3 exf3 24. Qf2 Rf8 25. Rg3 Qh4 26. Rag1 Be4 27. Kh2 Kg7 28. b3 cxb3 29. axb3 a5 30. c4 a4 31. bxa4 bxa4 32. d5 a3 33. d6 a2 34. c5 Bc6 35. Qxa2 f2 36. Rf1 Qxg3+ 37. Kxg3 Rf3+ 38. Kh4 Kh6 39. hxg4 g5# 0-1

[Event "Titled Tuesday intern op 21st Sept"]
[Site "Chess.com INT"]
[Date "2021.09.21"]
[Round "3"]
[White "Yordanov, Nikolay Plamenov"]
[Black "Vlassov, Nikolai"]
[Result "0-1"]
[WhiteElo "2222"]
[BlackElo "2294"]
[PlyCount "70"]
[EventDate "2021.09.21"]
[EventType "swiss (blitz)"]
[EventRounds "9"]
[EventCountry "USA"]
[SourceTitle "EXT 2022"]
[Source "ChessBase"]
[SourceDate "2021.10.06"]
[SourceVersion "1"]
[SourceVersionDate "2021.10.06"]
[SourceQuality "1"]

1. d4 Nf6 2. Bf4 g6 3. e3 Bg7 4. h3 0-0 5. Nf3 d6 6. Be2 c5 7. 0-0 cxd4 8. exd4 Qb6 9. Qc1 Nc6 10. c3 Re8 11. Na3 e5 12. Nc4 Qc7 13. dxe5 dxe5 14. Bh6 e4 15. Bxg7 Kxg7 16. Nh2 b5 17. Ne3 b4 18. cxb4 Re7 19. a3 Nd4 20. Qd2 Nb3 21. Qe1 Nxa1 22. Qxa1 a5 23. bxa5 Rxa5 24. b4 Ra8 25. Nhg4 Bxg4 26. Nxg4 Re6 27. Rc1 Qa7 28. Bc4 Rd6 29. Nxf6 Rxf6 30. Rf1 Qxa3 31. Qb1 e3 32. fxe3 Qxe3+ 33. Kh1 Rxf1+ 34. Bxf1 Qd4 35. b5 Ra1 0-1

[Event "Titled Tuesday intern op 31st Aug"]
[Site "Chess.com INT"]
[Date "2021.08.31"]
[Round "6"]
[White "Yordanov, Nikolay Plamenov"]
[Black "Sriniaiyer, Sudarshan"]
[Result "1-0"]
[WhiteElo "2222"]
[BlackElo "2136"]
[PlyCount "67"]
[EventDate "2021.08.31"]
[EventType "swiss (blitz)"]
[EventRounds "11"]
[EventCountry "USA"]
[SourceTitle "EXT 2022"]
[Source "ChessBase"]
[SourceDate "2021.10.06"]
[SourceVersion "1"]
[SourceVersionDate "2021.10.06"]
[SourceQuality "1"]

1. d4 Nf6 2. Bf4 e6 3. e3 c5 4. Nf3 Nc6 5. c3 d5 6. Nbd2 cxd4 7. exd4 Nh5 8. Be3 Bd6 9. Bb5 Bd7 10. Bxc6 Bxc6 11. Ne5 g6 12. Nxc6 bxc6 13. 0-0 Qh4 14. Nf3 Qg4 15. Qa4 Kd7 16. c4 Nf4 17. Bxf4 Qxf4 18. cxd5 exd5 19. Rac1 Rhc8 20. Rc3 a5 21. Rfc1 Ra6 22. Re1 Bb4 23. Ne5+ Kd6 24. Rf3 Qxd4 25. Nxf7+ Kc7 26. Rd1 Qxb2 27. a3 Be7 28. Rb3 Qf6 29. Rf3 Qe6 30. Qf4+ Bd6 31. Nxd6 Qxd6 32. Qh4 Qd7 33. Qg3+ Qd6 34. Rf7+ 1-0

[Event "Titled Tuesday intern op 17th Aug"]
[Site "Chess.com INT"]
[Date "2021.08.17"]
[Round "2"]
[White "Yordanov, Nikolay Plamenov"]
[Black "Weetik, Vjacheslav"]
[Result "0-1"]
[WhiteElo "2222"]
[BlackElo "2423"]
[PlyCount "118"]
[EventDate "2021.08.17"]
[EventType "swiss (blitz)"]
[EventRounds "11"]
[EventCountry "USA"]
[SourceTitle "EXT 2022"]
[Source "ChessBase"]
[SourceDate "2021.10.06"]
[SourceVersion "1"]
[SourceVersionDate "2021.10.06"]
[SourceQuality "1"]

1. d4 d5 2. Bf4 Nf6 3. e3 c5 4. c3 Nc6 5. Bd3 Qb6 6. b3 g6 7. Nf3 Bg7 8. h3 0-0 9. 0-0 Nd7 10. Nbd2 e5 11. dxe5 Ndxe5 12. Nxe5 Nxe5 13. Be2 Bf5 14. Rc1 Rad8 15. Nf3 Nc6 16. Bd3 Be6 17. Qe2 h6 18. Rfd1 Rfe8 19. Bb5 a6 20. Bxc6 Qxc6 21. Be5 f6 22. Bg3 Bf7 23. Qc2 Re4 24. Nd2 Re7 25. Nf3 Red7 26. Nh4 Kh7 27. Rd2 Qe6 28. Rcd1 f5 29. Nf3 Bf6 30. h4 Kg7 31. c4 dxc4 32. Rxd7 Rxd7 33. Rxd7 Qxd7 34. bxc4 Qe6 35. Nd2 Qb6 36. Nf3 Qb2 37. Qxb2 Bxb2 38. Be5+ Bxe5 39. Nxe5 b5 40. Kf1 Be6 41. Ke1 Kf6 42. Nd3 Bxc4 43. Nxc5 a5 44. a3 Ke5 45. Kd2 Bf1 46. g3 b4 47. axb4 axb4 48. f3 Bb5 49. Nd3+ Bxd3 50. Kxd3 Kd5 51. Kd2 Kc4 52. Kc2 b3+ 53. Kb2 Kd3 54. g4 fxg4 55. e4 gxf3 56. e5 f2 57. e6 f1Q 58. e7 Qe2+ 59. Kxb3 Qxe7 0-1